| 000 | 00787nam a2200253 i 4500 | ||
|---|---|---|---|
| 001 | bgj | ||
| 245 | 1 | 0 |
_aEs sind wunderliche Dinger, meine Briefe : _bMeta Klopstocks Briefwechsel mit Friedrich Gottlieb Klopstock und mit ihren Freunden ; 1751-1758 / _chrsg. von Franziska und Hermann Tiemann. |
| 260 |
_aMünchen : _bVerlag C. H. Beck, _c1980. |
||
| 300 |
_a507 s. ; _c21 cm. |
||
| 490 | 1 | _aBeck'sche Sonderausgaben | |
| 504 | _aIndeks. | ||
| 650 | 9 | _aLiteratura niemiecka | |
| 700 | 1 | _aTIEMANN, Franziska. | |
| 700 | 1 | _aTIEMANN, Hermann. | |
| 830 | _aBeck'sche Sonderausgaben | ||
| 020 | _a340607880X | ||
| 040 | _cBPK | ||
| 041 | 0 | _ager | |
| 044 | _aDEU | ||
| 080 | _a821.112.2 | ||
| 920 | _a3-406-07880-X | ||
| 942 | _cKS | ||
| 008 | s gw f |000 0 ger | ||
| 999 |
_c50627 _d50627 |
||